01041nam a2200205Ia 4500952010900000952009700109999001700206008004100223020001500264050002200279100003300301245011400334260003300448300001700481500002800498505021300526519006000739650002900799942000700828 00104070a11b11d2010-06-29l4oLB1025 Z37 2000p11 008737r2013-10-29s2013-10-29t1w2012-06-26yLB 00104070a11b11d2012-04-27l0oLB1025 Z37 2000p11 009544r2012-06-26t2w2012-06-26yLB c72677d72677120626s2000 mx 000 0 spa d a9706413022 aLB1025 bZ37 2000 aZarzar Charur, Carloseautor aTemas de didácticab: Reflexiones sobre la función de la escuela y del profesorc / Carlos, Zarzar Charur aMéxicob: Progresoc, 2000 a80 páginas aIncluye: Presentación aFilosofía didáctico - pedagógica Planeación del proceso enseñanza - aprendizaje Instrumentación del proceso de enseñanza - aprendizaje Evaluación del proceso de enseñanza - Aprendizaje aMaterial complementario / bPedagogía / d(11 009544) 0aENSEÑANZAxDIDÁCTICA cLB